00475nam a22001457a 450000500170000000800410001705000250005810000180008324500340010125000210013526000360015630000240019252001000021665000130031620141120104742.0141120b xxu||||| |||| 00| 0 eng d aPZ 7b.H55738Bl 2008 aHill, Stuart. aBlade of fire /cStuart Hill. a1st American ed. aNew York :bScholastic,cc2008. a586 pages :c20 cm. aCharlemagne must overcome his kingdom's internal problems and defeat an invasion from Bellorum. aFantasy.